| 000 | 00375nam a22001337a 4500 | ||
|---|---|---|---|
| 005 | 20251201161532.0 | ||
| 008 | 251201b |||||||| |||| 00| 0 eng d | ||
| 050 | _aREF:KNS 26 .B57 2008 | ||
| 100 | _aDR. BISWAS A.R | ||
| 245 |
_aBISWAS ENCYCLOPEDIC LAW DICTIONARY _bLEGAL AND COMMERCIAL |
||
| 260 |
_aINDIA _bWADHWA AND COMPANY _c2008 |
||
| 300 | _aX,1572 | ||
| 942 |
_2lcc _cBK |
||
| 999 |
_c216328 _d216328 |
||